15 najpopularniejszych marek samochodow w Polsce 2022 - Statystyki

Ogólne statystyki
  • Ten quiz został rozwiązany 247 razy
  • Średni wynik to 11 z 15
Statystyki odpowiedzi
L.p. Liczba rejestracji Marka % Poprawnych
6. 23 806 BMW
96%
7. 21 356 Mercedes
94%
9. 19 323 Audi
92%
14. 9343 Opel
87%
1. 73 862 Toyota
84%
4. 30 814 Volkswagen
80%
2. 42 067 Skoda
79%
10. 16 426 Ford
75%
11. 14 559 Renault
68%
5. 26 887 Hyundai
67%
3. 33 714 Kia
67%
13. 9794 Peugeot
64%
12. 10 947 Volvo
60%
15. 7255 Mazda
55%
8. 20 718 Dacia
54%
Nie znaleziono quizów pasujących do podanych kryteriów
Rozkład punktacji
Procent ludzi z każdym wynikiem
Percentyl według liczby udzielonych odpowiedzi
Twoja historia wyników
Nie rozwiązałeś tego quizu